El maestro protagonista del cambio educativo
El desarrollo de las sociedades latinoamericanas supone el desarrollo continuo de sus educadores, porque cambios de naturaleza tan compleja, como los cambios de mentalidad, de referentes éticos y valores, solo son posibles por la acción de la educación.
Saved in:
| Hovedforfatter: | |
|---|---|
| Andre forfattere: | , |
| Format: | Bog |
| Sprog: | Spanish |
| Udgivet: |
Bogotá:
Cooperativa Editorial Magisterio,
2000
|
| Serier: | Colección aula abierta
|
| Fag: | |
| Online adgang: | Enlace del recurso |
| Tags: |
Tilføj Tag
Ingen Tags, Vær først til at tagge denne postø!
|
MARC
| LEADER | 00000nam a2200000 a 4500 | ||
|---|---|---|---|
| 001 | 000766 | ||
| 008 | 031212s2000 ck # fr# #000|0#spa|d | ||
| 020 | |a 958-20-0585-8 | ||
| 041 | 0 | |a spa | |
| 043 | |a s-ck--- | ||
| 082 | 0 | 4 | |a 371.1 |b C162m |
| 100 | 1 | |a Cárdenas Colmenter, Antonio Luis | |
| 245 | 1 | 3 | |a El maestro protagonista del cambio educativo |c Antonio Luis Cárdenas Colmenter, Abel Rodríguez Céspedes, Rosa María Torres |
| 260 | |a Bogotá: |b Cooperativa Editorial Magisterio, |c 2000 | ||
| 300 | |a 352 p. | ||
| 440 | 0 | |a Colección aula abierta | |
| 504 | |a Incluye bibliografía. | ||
| 520 | 3 | |a El desarrollo de las sociedades latinoamericanas supone el desarrollo continuo de sus educadores, porque cambios de naturaleza tan compleja, como los cambios de mentalidad, de referentes éticos y valores, solo son posibles por la acción de la educación. | |
| 650 | 1 | 4 | |a DOCENTES |z COLOMBIA |
| 650 | 1 | 4 | |a INNOVACIONES EDUCATIVAS |
| 700 | 1 | |a Rodríguez Céspedes, Abel | |
| 700 | 1 | |a Torres, Rosa María | |
| 999 | |c 2918 |d 2918 | ||
| 856 | |u https://catalogo.idep.edu.co/cgi-bin/koha/opac-detail.pl?biblionumber=2918 |z Enlace del recurso | ||